000 00475nmm a2200145Ia 4500
008 251105s9999||||xx |||||||||||||||||und||
041 _aspa
100 _aKentenich, P. José
245 0 _aEl secreto de la vitalidad de Schoenstatt. Segunda parte: Espiritualidad de la alianza
264 _a[Santiago de Chile, Chile] :
_bNueva Patris,
_c2011
300 _a274 páginas
650 _aReligion(s)
856 _uhttps://public.digitaliapublishing.com/a/28718
942 _cCF
999 _c104441
_d104441